BRE Certification to run a home inspector certification scheme (Record no. 78068)
[ view plain ]
| 000 -LEADER | |
|---|---|
| fixed length control field | 01263cab a2200229 4500 |
| 001 - CONTROL NUMBER | |
| control field | ##L135930 |
| 008 - FIXED-LENGTH DATA ELEMENTS--GENERAL INFORMATION | |
| fixed length control field | 061219n2006 000 0 eng u |
| 035 ## - SYSTEM CONTROL NUMBER | |
| System control number | (Sirsi) u135930 |
| 041 0# - LANGUAGE CODE | |
| Language code of text/sound track or separate title | eng |
| 110 2# - MAIN ENTRY--CORPORATE NAME | |
| Corporate name or jurisdiction name as entry element | Building Research Establishment |
| 245 00 - TITLE STATEMENT | |
| Title | BRE Certification to run a home inspector certification scheme |
| 260 ## - PUBLICATION, DISTRIBUTION, ETC. | |
| Date of publication, distribution, etc. | 2006 |
| 490 #0 - SERIES STATEMENT | |
| Series statement | BRE News Release |
| Volume/sequential designation | 14 December 2006 |
| 520 ## - SUMMARY, ETC. | |
| Summary, etc. | DCLG has appointed BRE Certification to operate a certification scheme for home inspectors. The scheme will assess home inspectors against requirements set out in the DCLG standards, including a review of appropriate qualifications, criminal records and financial probity. Successful home inspectors will be given certificates, placed on a central register, and certification will be maintained through checking home condition reports and energy performance certificates. |
| 590 ## - LOCAL NOTE (RLIN) | |
| Local note | KA |
| 650 24 - SUBJECT ADDED ENTRY--TOPICAL TERM | |
| Topical term or geographic name entry element | HOME CONDITION REPORTS |
| 650 24 - SUBJECT ADDED ENTRY--TOPICAL TERM | |
| Topical term or geographic name entry element | ENERGY PERFORMANCE CERTIFICATES |
| 651 #4 - SUBJECT ADDED ENTRY--GEOGRAPHIC NAME | |
| Geographic name | England and Wales |
| Chronological subdivision | 1543- |
| 690 ## - LOCAL SUBJECT ADDED ENTRY--TOPICAL TERM (OCLC, RLIN) | |
| Topical term or geographic name as entry element | CAREERS, EDUCATION AND TRAINING-RICS ACCREDITATION AND CERTIFICATION SCHEMES-HOME CONDITION INSPECTOR |
| 856 40 - ELECTRONIC LOCATION AND ACCESS | |
| Uniform Resource Identifier | <a href="https://www.bre.co.uk/newsdetails.jsp?id=423">https://www.bre.co.uk/newsdetails.jsp?id=423</a> |
| Public note | View the item free of charge at www.bre.co.uk... |
| 942 ## - ADDED ENTRY ELEMENTS (KOHA) | |
| Suppress in OPAC | 0 |
| Withdrawn status | Lost status | Source of classification or shelving scheme | Damaged status | Not for loan | Home library | Current library | Shelving location | Date acquired | Total Checkouts | Full call number | Barcode | Date last seen | Copy number | Price effective from | Koha item type |
|---|---|---|---|---|---|---|---|---|---|---|---|---|---|---|---|
| Dewey Decimal Classification | Virtual | Virtual | Online | 19/12/2006 | ONLINE PUBLICATION | 135930-2001 | 06/08/2019 | 1 | 06/08/2019 | Journal article |